It looks like you're offline.
Open Library logo
additional options menu

MARC record from Internet Archive

LEADER: 01063cam a22002893a 4500
001 2005577315
003 DLC
005 20090819092405.0
008 050727s2005 nyu 000 1 eng d
010 $a 2005577315
020 $a0743471210
035 $a(OCoLC)ocm61152337
040 $aOWL$cOWL$dBAKER$dDLC
042 $alccopycat
050 00 $aCPB Box no. 2383 vol. 6
100 1 $aKnaak, Richard A.
245 14 $aThe sundering /$cRichard A. Knaak.
260 $aNew York :$bPocket Star Books,$c2005.
300 $a374 p. ;$c18 cm.
490 0 $aWarCraft
490 0 $aWar of the ancients trilogy ;$vbk. 3
490 0 $aPocket Star Books fantasy
655 7 $aFantasy fiction.$2gsafd
710 2 $aCopyright Paperback Collection (Library of Congress)$5DLC
856 42 $3Publisher description$uhttp://www.loc.gov/catdir/enhancements/fy0631/2005577315-d.html
856 41 $3Sample text$uhttp://www.loc.gov/catdir/enhancements/fy0641/2005577315-s.html
856 42 $3Contributor biographical information$uhttp://www.loc.gov/catdir/enhancements/fy0916/2005577315-b.html